Total Drama Characters by Screen Time - Statistics

General Stats
  • This quiz has been taken 130 times
  • The average score is 22 of 25
Answer Stats
Episodes Character % Correct
71 Gwen
100%
68 Owen
100%
76 Heather
99%
75 Duncan
98%
40 Geoff
97%
60 Lindsay
97%
45 Beth
96%
54 Cody
96%
35 Alejandro
95%
65 Courtney
94%
50 Harold
94%
50 Izzy
94%
31 Noah
94%
53 DJ
92%
56 Leshawna
92%
38 Trent
92%
35 Tyler
91%
37 Ezekiel
89%
35 Justin
89%
41 Bridgette
87%
33 Sierra
85%
28 Sadie
84%
26 Zoey
75%
26 Priya
36%
26 Julia
35%
No matching quizzes found
Score Distribution
Percent of People with Each Score
Percentile by Number Answered
Your Score History
You have not taken this quiz